The Croff of Darit (Record no. 2900)

MARC details
000 -LEADER
fixed length control field 00351nam a22001577a 4500
005 - DATE AND TIME OF LATEST TRANSACTION
control field 20160616111513.0
008 - FIXED-LENGTH DATA ELEMENTS--GENERAL INFORMATION
fixed length control field 160616b xxu||||| |||| 00| 0 eng d
041 ## - LANGUAGE CODE
Language code of text/sound track or separate title eng
082 ## - DEWEY DECIMAL CLASSIFICATION NUMBER
Item number 7931
100 ## - MAIN ENTRY--AUTHOR NAME
Personal name Knight, Robert M
245 ## - TITLE STATEMENT
Title The Croff of Darit
260 ## - PUBLICATION, DISTRIBUTION, ETC. (IMPRINT)
Name of publisher Surjeet
Year of publication 2003
300 ## - PHYSICAL DESCRIPTION
Number of Pages 139
650 ## - SUBJECT ADDED ENTRY--TOPICAL TERM
Topical Term Management
942 ## - ADDED ENTRY ELEMENTS (KOHA)
Koha item type Books
Holdings
Lost status Damaged status Home library Current library Shelving location Date acquired Cost, normal purchase price Full call number Accession Number Koha item type
    JRU Library   SHELF-31-G 16/06/2016 160.00 7931 7931 Books